| 000 | 01024nam a2200301 i 4500 | ||
|---|---|---|---|
| 001 | 184747 | ||
| 003 | ES-MaACL | ||
| 005 | 20250618124654.0 | ||
| 008 | 151125s2015 sp |||| | spa d | ||
| 020 | _a978-84-942915-7-9 | ||
| 080 | _a821.134.2-14"19" | ||
| 100 | 1 |
_aGalán, Ilia, _d1966- _9234259 |
|
| 245 | 1 | 0 |
_aTransgótico fulgor _b: XXV años de poesía / _cIlia Galán. |
| 246 | 3 | _aXXV años de poesía | |
| 250 | _a1ª ed. | ||
| 260 |
_aSiero, Asturias : _bSapere Aude, _c2015. |
||
| 300 |
_a294 p. ; _c21 cm. |
||
| 490 | 1 | _aPoesía / Sapere Aude | |
| 505 | 8 |
_aContiene: ; _tLas visiones de Ilia Galán / _rLuis Alberto de Cuenca (p. 9-10) |
|
| 700 | 1 |
_aCuenca, Luis Alberto de, _d1950- _9240908 |
|
| 740 | 4 | 2 | _aLas visiones de Ilia Galán. |
| 740 | 0 | 2 | _a25 años de poesía. |
| 830 | 0 |
_aPoesía / Sapere Aude _9192237 |
|
| 852 |
_aES-MaACL _jA-13650 _9191758 _bR.150698 _cDEPO1 _dOlim: N-6650 |
||
| 942 |
_2udc _cMONOGRAFIA |
||
| 999 |
_c184747 _d184747 |
||